John Travolta Movies Quiz Stats

 Plays Quiz Updated Jan 1, 2019

Also try: Ben Stiller Movies
Challenge
Share
Tweet
Embed
Score 0/55 Timer 10:00
1 Play Today
Year Movie % Correct
1978Grease
93.4%
1977Saturday Night Fever
78.2%
1994Pulp Fiction
77.8%
1997Face-Off
69.4%
2007Hairspray
62%
2002Austin Powers in Goldmember
59.8%
1989Look Who's Talking
53.2%
1990Look Who's Talking Too
51%
1995Get Shorty
48.6%
1996Michael
48%
1993Look Who's Talking Now
43.3%
2005Be Cool
39.6%
2008Bolt
38.5%
1983Staying Alive
38.3%
1996Phenomenon
37%
1999The General's Daughter
36.4%
1996Broken Arrow
35.9%
2001Swordfish
34.9%
2007Wild Hogs
33%
2000Battlefield Earth: A Saga of the Year 3000
31.3%
1980Urban Cowboy
28.6%
1998Primary Colors
26.5%
2009The Taking of Pelham 1 2 3
23.4%
2004The Punisher
20.6%
1976Carrie
17.5%
2009Old Dogs
16.1%
2003Basic
15.8%
2004Ladder 49
14.2%
Year Movie % Correct
1998A Civil Action
14.1%
2004A Love Song for Bobby Long
13.7%
2010From Paris with Love
13.7%
2012Savages
13%
1998The Thin Red Line
12.6%
2001Domestic Disturbance
11.5%
1981Blow Out
11.1%
2018Speed Kills
10%
2018Gotti
9.7%
1985Perfect
9.2%
2016I Am Wrath
8.9%
2014The Forger
8.6%
2000Lucky Numbers
7.9%
1983Two of a Kind
7.3%
2013Killing Season
7.2%
1995White Man's Burden
6.9%
1997Mad City
6.9%
1989The Experts
5.4%
1991Shout
4.8%
1978Moment by Moment
4.8%
2015In a Valley of Violence
4.7%
1997She's So Lovely
4.6%
1975The Devil's Rain
4.4%
2006Lonely Hearts
4.3%
2015Criminal Activities
4.3%
2015Life on the Line
4.1%
1991Eyes of an Angel
3.4%

You're not logged in!

Compare scores with friends on all Sporcle quizzes.
OR
Log In

You Might Also Like...

Show Comments

Extras

Top Quizzes Today


Score Distribution

Your Account Isn't Verified!

In order to create a playlist on Sporcle, you need to verify the email address you used during registration. Go to your Sporcle Settings to finish the process.

Report this User

Report this user for behavior that violates our Community Guidelines.

Details: